Ποιήματα : 1897-1933

Αποθηκεύτηκε σε:
Λεπτομέρειες βιβλιογραφικής εγγραφής
Κύριος συγγραφέας: Καβάφης, Κ. Π. (Κωνσταντίνος Π.), 1863-1933
Μορφή: Βιβλίο
Γλώσσα:Greek
Δημοσίευση: Αθήνα : Ίκαρος, 1984.
Θέματα:
Ετικέτες: Προσθήκη ετικέτας
Δεν υπάρχουν, Καταχωρήστε ετικέτα πρώτοι!

MARC

LEADER 00000cam a2200000 i 4500
001 1/87380
008 931208s1984 gr | ||| |||| ||gre||
035 |a 1989  |b 2  |c Δωρεά  |l 10035225 
040 |a GR-MY-UA  |b gre  |e aacr 
041 0 |a gre 
082 7 |a 889.13   |2 (22) 
100 1 |a Καβάφης, Κ. Π.   |q (Κωνσταντίνος Π.),   |d 1863-1933. 
245 1 0 |a Ποιήματα :   |b 1897-1933 /   |c Κ. Π. Καβάφης. 
260 |a Αθήνα :   |b Ίκαρος,   |c 1984.  
300 |a 223 σ. ;   |c 24 εκ.  
650 0 0 |a Greek poetry, Modern  |y 20th century. 
852 |a INST  |b RHODES  |e 19931208  |h 889.13 ΚΑΒ  |p 005400002966  |q 005400002966  |t BK  |y 0 
909 |a Ρ  |b 014602 
970 |z 08-12-1993